<?xml version="1.0" encoding="UTF-8"?>
<marc:record xmlns:marc="http://www.loc.gov/MARC21/slim">
   <marc:leader>00000nam a2200000 a 4500</marc:leader>
   <marc:datafield ind1="1" ind2=" " tag="100">
      <marc:subfield code="a">L'Engle, Madeleine</marc:subfield>
      <marc:subfield code="4">ctb</marc:subfield>
      <marc:subfield code="e">Mitwirkende/-r</marc:subfield>
   </marc:datafield>
   <marc:datafield ind1="1" ind2=" " tag="100">
      <marc:subfield code="a">Larson, Hope</marc:subfield>
      <marc:subfield code="4">ctb</marc:subfield>
      <marc:subfield code="e">Mitwirkende/-r</marc:subfield>
   </marc:datafield>
   <marc:datafield ind1=" " ind2=" " tag="653">
      <marc:subfield code="a">Comic</marc:subfield>
   </marc:datafield>
   <marc:datafield ind1=" " ind2=" " tag="653">
      <marc:subfield code="a">Softcover / Belletristik/Comic</marc:subfield>
   </marc:datafield>
   <marc:datafield ind1=" " ind2=" " tag="653">
      <marc:subfield code="a">Cartoon</marc:subfield>
   </marc:datafield>
   <marc:datafield ind1=" " ind2=" " tag="653">
      <marc:subfield code="a">Humor</marc:subfield>
   </marc:datafield>
   <marc:datafield ind1=" " ind2=" " tag="653">
      <marc:subfield code="a">Satire/Comic</marc:subfield>
   </marc:datafield>
   <marc:datafield ind1="0" ind2="0" tag="245">
      <marc:subfield code="a">Die Zeitfalte</marc:subfield>
   </marc:datafield>
   <marc:datafield ind1="0" ind2="0" tag="245">
      <marc:subfield code="b">graphic novel</marc:subfield>
   </marc:datafield>
   <marc:datafield ind1="0" ind2="0" tag="245">
      <marc:subfield code="c">Madeleine L'Engle. Gezeichn. von Hope Larson. Aus dem Amerikan. von Wolf Harranth</marc:subfield>
   </marc:datafield>
   <marc:datafield ind1=" " ind2="1" tag="264">
      <marc:subfield code="a">Zürich</marc:subfield>
      <marc:subfield code="b">Atrium-Verl.</marc:subfield>
      <marc:subfield code="c">2013</marc:subfield>
   </marc:datafield>
   <marc:datafield ind1=" " ind2=" " tag="250">
      <marc:subfield code="a">Dt. Erstausg., 1. Aufl.</marc:subfield>
   </marc:datafield>
   <marc:datafield ind1="1" ind2=" " tag="520">
      <marc:subfield code="a">Angaben aus der Verlagsmeldung

Die Zeitfalte A Wrinkle in Time / von Madeleine L'Engle

Mit weltweit 10 Millionen verkauften Exemplaren ist Die Zeitfalte von Madeleine L’Engle eines der erfolgreichsten Bücher überhaupt. Ein Roman, der Generationen von jungen und alten Leserinnen und Lesern verzaubert hat – und jetzt erstmals als Graphic Novel vorliegt. Seit ihr Vater bei einem Experiment spurlos verschwunden ist, hat es die vierzehnjährige Meg Murry schwer. Meg ist an der Schule eine Außenseiterin. Auch ihr kleiner Bruder, der schweigsame Charles Wallace, gilt als sonderbar. Doch alles ändert sich für Meg und Charles Wallace, als in einer stürmischen Nacht plötzlich eine kauzige alte Dame vor der Tür steht, die sich als Frau Wasdenn vorstellt – und zu der sich kurz darauf Frau Diedas und Frau Dergestalt gesellen. Die Damen wissen, was mit Megs Vater geschehen ist, der sich an einem Ort außerhalb der Erde befindet, unerreichbar weit entfernt. Was aber, wenn sich die Zeit falten ließe? Was, wenn man auf diese Weise die Entfernung zwischen zwei Orten verkürzen könnte? Gemeinsam mit den drei seltsamen Damen finden Meg und Charles Wallace Antworten auf diese Fragen und treten eine Reise an, die sie an den Rand ihrer Vorstellungskraft führt – und darüber hinaus.
</marc:subfield>
   </marc:datafield>
   <marc:datafield ind1=" " ind2=" " tag="020">
      <marc:subfield code="a">9783855354412</marc:subfield>
      <marc:subfield code="9">9783855354412</marc:subfield>
   </marc:datafield>
   <marc:datafield ind1=" " ind2=" " tag="020">
      <marc:subfield code="a">3855354413</marc:subfield>
      <marc:subfield code="9">3855354413</marc:subfield>
   </marc:datafield>
   <marc:datafield ind1=" " ind2=" " tag="041">
      <marc:subfield code="a">ger</marc:subfield>
   </marc:datafield>
   <marc:datafield ind1=" " ind2=" " tag="300">
      <marc:subfield code="a">390 S.</marc:subfield>
   </marc:datafield>
</marc:record>
